Sanat: "Aamuisin" - Zen Cafe - Statistics

Yleistilastot
  • Tätä visaa on pelattu 46 kertaa
  • Keskiarvotulos 122 / 192
Vastaustilastot
Sanat % Oikein
aamuisin
94%
Aamuisin
94%
keväällä
94%
kiinni
94%
Laita
94%
riippukeinu
94%
ja
91%
pankkitilillä
91%
Pidä
91%
edessä
89%
jemmarahaa
89%
sänkys
89%
Seiso
89%
jos
83%
käy
83%
käytä
80%
on
80%
On
80%
pyyhettä
80%
Pese
77%
väkevästi
77%
kasvosi
74%
ne
69%
tuuli
69%
Viiltävä
69%
hankkikaa
63%
kaks
63%
mut
63%
tai
63%
Yks
63%
kanssa
60%
lapset
60%
Osta
60%
aikaa
57%
vaimon
57%
asunto
54%
Hanki
54%
hoida
54%
Hoida
54%
joskus
54%
niin
54%
sama
54%
duunimatka
51%
pihaa
49%
vietä
49%
Järjestäkää
46%
kimppakyyti
46%
koivuihin
46%
kun
46%
saumaa
46%
niiden
43%
saat
40%
äiti
37%
Isä
37%
isä
37%
koiraa
37%
sua
37%
ajattelee
34%
lähikauppaan
34%
lasku
34%
alennukset
31%
hyvin
31%
jaksat
31%
Kiiltävään
31%
nukut
31%
porttiin
31%
suuret
31%
Tutustu
31%
joulukortin
29%
lähettää
29%
muista
29%
Muista
29%
naapureihin
29%
pysyt
29%
Urheilla
29%
jotka
26%
Kesällä
26%
kunnossa
26%
listaa
26%
myös
26%
niistä
26%
auto
23%
auttaa
23%
maksat
23%
silloin
23%
sinua
23%
valoisa
23%
23%
Jokainen
20%
katso
20%
kaverit
20%
markka
20%
niille
20%
pois
20%
silmiin
20%
tapana
20%
veroja
20%
entiset
17%
jonka
17%
Kätellä
17%
kiittää
17%
lähdet
17%
soita
17%
tällöin
17%
voit
17%
Lukita
14%
ovet
11%
Ehtoja vastaavia visoja ei löytynyt
Tulosjakauma
Jokaisen tuloksen saaneiden osuus
Persentiili vastausten määrän mukaan
Tuloshistoriasi
Et ole pelannut tätä visaa